Discover America! : (Record no. 108)

MARC details
000 -LEADER
fixed length control field 01195cam a2200337 a 4500
005 - DATE AND TIME OF LATEST TRANSACTION
control field 20260322212006.0
008 - FIXED-LENGTH DATA ELEMENTS--GENERAL INFORMATION
fixed length control field data
010 ## - LIBRARY OF CONGRESS CONTROL NUMBER
LC control number 89012438
020 ## - INTERNATIONAL STANDARD BOOK NUMBER
International Standard Book Number 0870448048 :
Terms of availability {dollar}24.95
020 ## - INTERNATIONAL STANDARD BOOK NUMBER
International Standard Book Number 0870448056 (deluxe) :
Terms of availability {dollar}36.95
020 ## - INTERNATIONAL STANDARD BOOK NUMBER
International Standard Book Number 0870448064 (deluxe with flag) :
Terms of availability {dollar}39.95
020 ## - INTERNATIONAL STANDARD BOOK NUMBER
International Standard Book Number 0870448072 (lib. bdg.) :
Terms of availability {dollar}29.95
020 ## - INTERNATIONAL STANDARD BOOK NUMBER
International Standard Book Number 9780870448041 :
Terms of availability {dollar}24.95
020 ## - INTERNATIONAL STANDARD BOOK NUMBER
International Standard Book Number 9780870448058 (deluxe) :
Terms of availability {dollar}36.95
020 ## - INTERNATIONAL STANDARD BOOK NUMBER
International Standard Book Number 9780870448065 (deluxe with flag) :
Terms of availability {dollar}39.95
020 ## - INTERNATIONAL STANDARD BOOK NUMBER
International Standard Book Number 9780870448072 (lib. bdg.) :
Terms of availability {dollar}29.95
040 ## - CATALOGING SOURCE
Original cataloging agency DLC
Transcribing agency DLC
Modifying agency DLC
043 ## - GEOGRAPHIC AREA CODE
Geographic area code n-us---
050 00 - LIBRARY OF CONGRESS CALL NUMBER
Classification number E169.Z82
Item number D57 1989
082 00 - DEWEY DECIMAL CLASSIFICATION NUMBER
Classification number 917.304/927
Edition information 20
092 ## - LOCALLY ASSIGNED DEWEY CALL NUMBER (OCLC)
Classification number 917.304 D57 1989
001 - CONTROL NUMBER
control field data
245 10 - TITLE STATEMENT
Title Discover America! :
Remainder of title a scenic tour of the fifty states.
Statement of responsibility, etc. National Geographic Society (U.S.).
250 ## - EDITION STATEMENT
Edition statement 1st ed.
260 ## - PUBLICATION, DISTRIBUTION, ETC.
Place of publication, distribution, etc. Washington, D.C. :
Name of publisher, distributor, etc. National Geographic Society,
Date of publication, distribution, etc. c1989.
300 ## - PHYSICAL DESCRIPTION
Extent 336 p. :
Other physical details col. ill. ;
Dimensions 29 cm.
650 #0 - SUBJECT ADDED ENTRY--TOPICAL TERM
Topical term or geographic name entry element Landscapes
Geographic subdivision United States.
650 #0 - SUBJECT ADDED ENTRY--TOPICAL TERM
Topical term or geographic name entry element Landscapes
Geographic subdivision United States
Form subdivision Pictorial works.
651 #0 - SUBJECT ADDED ENTRY--GEOGRAPHIC NAME
Geographic name United States
Form subdivision Pictorial works.
720 2# - ADDED ENTRY--UNCONTROLLED NAME
Name National Geographic Society (U.S.)
Holdings
Withdrawn status Lost status Damaged status Not for loan Home library Current library Shelving location Date acquired Total checkouts Full call number Barcode Date last seen Price effective from Koha item type
        Centerville Centerville General stacks 22/03/2026   917.304/927 20 BC0010112 22/03/2026 22/03/2026 Books